000 00549nam a2200205 a 4500
001 3376
003 CO-ViMGA
008 141112s2004 ck r 000 u spa d
020 _a0201518767
040 _aCO-ViMGA
_bspa
_cCO-ViMGA
082 0 4 _aMEVIECAR.535 W457
100 1 _aWinston, Patrick Henry
_953037
245 1 0 _aInteligencia artificial
250 _a3a
260 _aWilmington :
_bAddison - Wesley,
_c1994
300 _a805 p : il
590 _aDatos de inventario : 05655
650 1 4 _aINTELIGENCIA ARTIFICIAL
_95057
942 _2ddc
_cBK
999 _c15424
_d15424